LEADER 00949nas a2200229 i 4500 001 000000135734 003 CaOOAMICUS 005 20051216000000.0 008 050208b2005 it uu s u0 0ita r 013 $a109125 040 $aSeMil$bita 245 13$aIl Culto Eucaristico. 260 $a[Roma] :$bSIAE, Espressione Edizioni Musicali,$ccopyr. 2005. 260 $aLeumann (Torino) :$bElledici,$ccopyr. 2005. 500 $aAllegato al N. 1/2005. 773 0 $tArmonia di Voci.$dLeumann : Elle Di Ci, 1946-2013.$x0391-5425$w()1921 850 $aSeMil 852 $aSeMil$W1$xVenegono$y1$m100 6 41/1 CD$j89378$B89378$CSeMilBibl$Z2$F107028 $85 961 $aAbbonamento: Centro Editoriale Dehoniano 996 $6245$aIl Culto Eucaristico$9(OLS)http://semarc/title/198426 996 $6260$aLeumann (Torino) :$bElledici$9(OLS)http://semarc/publisher/31236 996 $6260$a[Roma] :$bSIAE, Espressione Edizioni Musicali$9(OLS)http://semarc/publisher/44376 LEADER 00499nab a2200145 i 4500 001 000000267325 003 CaOOAMICUS 005 20070921000000.0 008 070921n xx uu u0 0und r 013 $a11868 040 $aSeMil$bita 245 10$a[SENZA TITOLO]. - Contiene :$bSommari [in italiano e in inglese]. 500 $a2006/1. 773 0 $t[2006].$dVenezia : Marcianum Press, 2006.$w()164680 996 $6245$a[SENZA TITOLO]. - Contiene :$bSommari [in italiano e in inglese].$9(OLS)http://semarc/title/358279